Statistics for Beatles Songs by Antonyms

Click here to take the quiz!

General Stats

  • This quiz has been taken 839 times
  • The average score is 16 of 20

Answer Stats

HintAnswer% Correct
BoyGirl
99%
TomorrowYesterday
99%
The BeginningThe End
97%
There Goes the MoonHere Comes the Sun
96%
He Hates MeShe Loves You
96%
An Easy Night's DayA Hard Day's Night
95%
Moon QueenSun King
95%
To You From MeFrom Me to You
91%
You Won'tI Will
91%
That GirlThis Boy
87%
Leave ApartCome Together
86%
Short Short ShortLong Long Long
85%
Without a Big Hindrance To Your EnemiesWith a Little Help From My Friends
78%
It Will Be ShortIt Won't Be Long
77%
But You Hate HimAnd I Love Her
66%
NothingSomething
58%
Give ForwardGet Back
54%
Sadness Is Not a Cool SwordHappiness is a Warm Gun
54%
Bad Night Bad NightGood Morning Good Morning
49%
Old Man It's Not MeBaby It's You
17%

Score Distribution

Percentile by Number Answered

Percent of People with Each Score

Your Score History

You have not taken this quiz